000 00406nam a22001697a 4500
005 20251108172616.0
008 250721s9999 xx 000 0 eng d
082 1 4 _a956.093MCD
100 1 _aMcdowall, David
245 1 0 _aPalestine and Israel /
264 1 _aLondon :
_bI.B.Tauris,
300 _a322 p
650 1 7 _aHistory
650 1 7 _aArab-Israaeli conflict
942 _2ddc
_cBK
999 _c83864
_d83864